| 000 | 00478nam a2200193Ia 4500 | ||
|---|---|---|---|
| 005 | 20240823014749.0 | ||
| 008 | 240823s9999||||xx |||||||||||||| ||und|| | ||
| 020 | _a81-224-1284-X | ||
| 041 | _aENGLISH | ||
| 082 | _A658.4055 P0 | ||
| 100 | _aGerald Munene Mugera | ||
| 245 | 0 | _aVeterinary Pathology in the Tropics | |
| 250 | _a1st | ||
| 260 |
_c2000 _b"New Age ,New " _aNew Delhi |
||
| 500 | _aYES | ||
| 650 |
_aGeneral Studies _bGeneral |
||
| 942 | _cBK | ||
| 999 |
_c170846 _d170846 |
||